Kvet baletu

Bibliographic Details
Main Author: Sláviková, Anna, 1951- (Author)
Format: Article
Language:Slovak
PhysicalDescription:Fotogr.
ISSN:1335-4140
Subjects:

MARC

LEADER 00000nab a2200000 a 4500
001 vtls001516461
003 SK-MaSNL
005 20260304145104.0
008 250505c2005 xo mr|p|||||||000 b|slo
015 |a SNBRB2005/03  |2 snkbucl 
035 |a (uuid)a156ebcc-7d55-4d36-bc86-0e4b39c839a3 
035 |a urn:nbn:sk:snk-ab23fd 
035 |a (urnnbn)urn:nbn:sk:snk:ar-a01hod 
038 |a SNKBUCL 
040 |a SNKBUCL  |b slo  |c SNKBUCL  |e AACR2 
041 0 |a slo 
044 |a xo  |c SK 
080 |a 792.82:06.068  |x (437.6)  |2 1997 
080 |a 06.068:792.82  |2 1997 
100 1 |a Sláviková, Anna,  |d 1951-  |4 aut  |9 207856 
245 1 0 |a Kvet baletu  |c Anna Sláviková 
300 |b Fotogr. 
650 0 7 |a Kvet baletu Philip Morris  |z Slovensko  |y za r. 2004  |2 snkbucl  |9 1467344 
773 0 |t Hudobný život  |g Roč. XXXVII, č. 2 (2005), s. 2  |x 1335-4140 
850 |a Slovenská národná knižnica 
852 |a Slovenská národná knižnica 
954 |a odborná, vedecká literatúra pôvodná (slovenská)  |2 lita 
958 |a article27 
958 |a OND 
958 |a EUIPO 
999 |c 2934449  |d 2936379